| 000 | 00720nam a22002177a 4500 | ||
|---|---|---|---|
| 003 | OSt | ||
| 005 | 20260427145343.0 | ||
| 008 | 120913t xxu||||| |||| 00| 0 eng d | ||
| 020 | _a9789718838075 Pbk. Bp. | ||
| 040 |
_aMMSU _cULS |
||
| 050 | _aHB 615 D52 2015 F CASAT | ||
| 100 |
_aDiaz, Paz H _912603 |
||
| 245 |
_aEntrepreneurship : _bstudy and practice / _cPaz H. Diaz, Herminia R. Fajardo. |
||
| 260 |
_aQuezon City : _bSmall Enterprises Research and Development Foundation (SERDEF), _c2015. |
||
| 300 |
_a232 pages ; _c22 cm. |
||
| 504 | _aIncludes bibliographical references and index. | ||
| 650 | _aEntrepreneur. | ||
| 650 | _aEntrepreneurship. | ||
| 650 | _aEntrepreneurship management. | ||
| 942 |
_2lcc _cBK |
||
| 999 |
_c29031 _d29031 |
||